| 000 | 01288nam a22002777a 4500 | ||
|---|---|---|---|
| 003 | OSt | ||
| 005 | 20230123111724.0 | ||
| 007 | cr ||||||a|c|a | ||
| 008 | 221202s mx abd|fom||| 001 0 spa d | ||
| 040 | _erda | ||
| 100 | 1 |
_9185621 _aTapia Vázquez, Gildardo |
|
| 245 | 1 | 3 |
_aLa agricultura campesina en la porción central de la meseta purépecha durante la segunda década del siglo XXI : _bel caso de San Isidro, municipio de Nahuatzen situación actual y tendencias / _cpor Gildardo Tápia Vázquez; director de tesis Jorge Duch Gary |
| 264 |
_aChapingo, México : _bEl autor, _c2020. |
||
| 300 | _a1 recurso en línea (164 páginas). | ||
| 336 |
_2rdacontent _atexto _btxt |
||
| 337 |
_2rdamedia _acomputadora _bc |
||
| 338 |
_2rdacarrier _arecurso en línea _bcr |
||
| 502 |
_bMCDRR _cCentros Regionales _d2020. _gMAE |
||
| 504 | _aIncluye referencias bibliográficas: páginas-141-150 | ||
| 650 | 4 |
_9185837 _aMaíz _xCostos de producción _zMichoacán |
|
| 650 | 4 |
_98511 _aAvena _xCostos de producción |
|
| 650 | 4 |
_91269 _aAgricultura _xAspectos económicos _xMichoacán |
|
| 700 | 1 |
_934352 _aDuch Gary, Jorge _eDirector de tesis |
|
| 856 |
_uhttp://10.13.5.2/tesis/tm/2020_CR_Tapia_Vazquez_Gildardo.pdf _zDESCARGAR PDF |
||
| 942 |
_2Clasificación Universidad Autónoma Chapingo _cTD |
||
| 999 |
_c217931 _d217931 |
||